header

Combat pair (Record no. 27562)

MARC details
000 -LEADER
fixed length control field 01405nam a2200349Ia 4500
100 1# - MAIN ENTRY--AUTHOR NAME
Personal name Lambeth, Benjamin S.
245 10 - TITLE STATEMENT
Title Combat pair
260 ## - PUBLICATION, DISTRIBUTION, ETC. (IMPRINT)
Place of publication Santa Monica, CA :
Name of publisher RAND Corp.,
Year of publication c2007.
300 ## - PHYSICAL DESCRIPTION
Number of Pages xxii, 105 p. :
Other physical details ill.
650 #0 - SUBJECT ADDED ENTRY--TOPICAL TERM
Topical Term Air warfare
Topical Term Unified operations (Military science)
856 40 - ELECTRONIC LOCATION AND ACCESS
Uniform Resource Identifier http://site.ebrary.com/lib/rucke/Doc?id=10227034

No items available.

© 2026 Rongo University
Contact us: librarian | system librarian | Rongo university